000 01136nam a2200349 c 4500
001 23893
003 ES-MaCES
005 20141221122856.0
008 110707s2011 sp t o000 | spa d
017 _aM 15568-2011
_bDL
035 _aCES20110005746m
040 _aES-MaCES
_bspa
_cES-MaCES
110 1 _aEspaña
_bTribunal Constitucional
_93446
245 1 0 _aMemoria 2010
_cTribunal Constitucional
260 _a[Madrid]
_bTC
_c[2011]
300 _a287 p.
_c24 cm
_e1 CD-ROM
500 _aPubl. simultáneamente en CD-ROM
500 _aTít. del CD-ROM: Memoria 2010, 1999/2010
541 _cGratuito
610 1 4 _aEspaña
_bTribunal Constitucional
_93446
650 4 _ainforme de actividades
_928984
650 4 _amemoria anual
_928977
650 4 _a2010
_931233
650 4 _a1999-2010
_932010
650 4 _aCD ROM
_930331
653 1 0 _aAdministración-Instituciones públicas
740 0 2 _aMemoria 2009, 1999-2008 / Tribunal Constitucional
787 0 _tMemoria 2009 / Tribunal Constitucional
_w(ES-MaCES)23245
902 _aLIB Libro
942 _2CES
_cBK
_h6.3.
999 _c23893
_d23893